アメリカのファミリーネーム - Statistics

General Stats
  • This quiz has been taken 31 times
  • The average score is 14 of 100
Answer Stats
Rank Answer % Correct
1 Smith
86%
19 Jackson
62%
2 Johnson
62%
4 Brown
55%
24 White
52%
41 Green
38%
34 King
34%
3 Williams
34%
5 Jones
31%
42 Adams
28%
15 Anderson
28%
8 Davis
28%
49 Carter
24%
25 Harris
24%
85 James
24%
77 Kim
24%
21 Lee
24%
29 Lewis
24%
50 Roberts
24%
30 Robinson
24%
16 Thomas
24%
81 Watson
24%
11 Hernandez
21%
9 Rodriguez
21%
36 Scott
21%
14 Wilson
21%
75 Howard
17%
12 Lopez
17%
20 Martin
17%
7 Miller
17%
56 Parker
17%
31 Walker
17%
44 Baker
14%
27 Clark
14%
57 Cruz
14%
6 Garcia
14%
51 Gomez
14%
10 Martinez
14%
43 Nelson
14%
28 Ramirez
14%
17 Taylor
14%
23 Thompson
14%
84 Wood
14%
59 Collins
10%
53 Evans
10%
39 Hill
10%
100 Jimenez
10%
62 Morris
10%
71 Peterson
10%
80 Richardson
10%
54 Turner
10%
35 Wright
10%
32 Young
10%
92 Alvarez
7%
47 Campbell
7%
55 Diaz
7%
90 Hughes
7%
74 Kelly
7%
18 Moore
7%
68 Ortiz
7%
66 Rogers
7%
98 Ross
7%
89 Ruiz
7%
79 Ward
7%
33 Allen
3%
72 Bailey
3%
82 Brooks
3%
93 Castillo
3%
83 Chavez
3%
65 Cook
3%
58 Edwards
3%
13 Gonzales
3%
67 Gutierrez
3%
45 Hall
3%
88 Mendoza
3%
48 Mitchell
3%
63 Morales
3%
69 Morgan
3%
64 Murphy
3%
38 Nguyen
3%
22 Perez
3%
52 Phillips
3%
73 Reed
3%
60 Reyes
3%
94 Sanders
3%
37 Torres
3%
86 Bennet
0%
70 Cooper
0%
78 Cox
0%
40 Flores
0%
99 Foster
0%
87 Gray
0%
97 Long
0%
96 Myers
0%
95 Patel
0%
91 Price
0%
76 Ramos
0%
46 Rivera
0%
26 Sanchez
0%
61 Stewart
0%
No matching quizzes found
Score Distribution
Percent of People with Each Score
Percentile by Number Answered
Your Score History
You have not taken this quiz